| 000 | 00611nam a22001937a 4500 | ||
|---|---|---|---|
| 003 | OSt | ||
| 005 | 20251106071534.0 | ||
| 008 | 251106b |||||||| |||| 00| 0 eng d | ||
| 020 | _a978-971-07-4630-9 | ||
| 040 |
_aDWCL - Main Lib _cOC |
||
| 082 |
_21st _aFil. 629.8 B928 2019 |
||
| 100 | _aBuendia, Arvin | ||
| 245 |
_aMastering robotics : _bdigital signal book 1 / _cArvin Buendia |
||
| 260 |
_aQuezon City, Philippines : _bVibal Group, _cc2019 |
||
| 300 |
_aiv, 163 pages : _bcolored illustrations ; _c26 cm. |
||
| 650 | _a1. Robotics | ||
| 700 | _aI. Buendia, Marlyn | ||
| 942 |
_2ddc _cBK - FIL _e1st _mFil. _n0 |
||
| 999 |
_c5609 _d5609 |
||